| 000 | 00756nam a22002297a 4500 | ||
|---|---|---|---|
| 005 | 20251108173341.0 | ||
| 008 | 250721s2003 xx 000 0 ara d | ||
| 020 | _a9953449015 | ||
| 082 | 1 | 4 | _a615.85/جعف |
| 100 | 1 | _aجعفر، حسان | |
| 245 | 1 | 0 | _aالفيتامينات و المعادن و الأعشاب و فوائدها عند المرأة / |
| 264 | 1 |
_aبيروت : _bدار الحرف العربي للطباعة و النشر و التوزيع، _c2003. |
|
| 300 | _a464 ص | ||
| 490 | 0 | _aفي الثقافة الصحيحة | |
| 650 | 1 | 7 | _aالعلاج الطبيعي |
| 650 | 1 | 7 | _aالفيتامينات |
| 650 | 1 | 7 | _aالأغذية |
| 650 | 1 | 7 | _aالمرأه |
| 650 | 1 | 7 | _aالصحة |
| 942 |
_2ddc _cBK |
||
| 999 |
_c101858 _d101858 |
||